| 000 | nam a22 a 4500 | ||
|---|---|---|---|
| 999 |
_c428096 _d428096 |
||
| 003 | BLK | ||
| 005 | 20210812103630.0 | ||
| 008 | 180409b bul|||||r ||||||| ||bul|| | ||
| 040 | _aBLK | ||
| 041 |
_aBUL _cBUL |
||
| 080 |
_aНорвежка литература _b821.113.5 _x-2 _z821.113.5-2 |
||
| 100 |
_91299 _aБьорнсон, Бьорнстерне _eпърви автор |
||
| 139 | _aБьорнсон, Бьорнстерне | ||
| 245 | 1 | 0 |
_aРъкавица _bДрама в 3 д. _cБьорнстерне Бьорнсон ; прев. от рус. Ек. Ст. Андрейчин |
| 260 |
_c1898 _aСофия _9216610 _fСофия : Вълков |
||
| 300 |
_a58, VII с. _c21 см |
||
| 380 | _aX | ||
| 490 |
_9435080 _aКолекция Редки и ценни издания |
||
| 700 |
_aАндрейчин, Еким Стоянов _eпрев. от рус. _9450236 |
||
| 852 |
_aРб 898 _bРц |
||
| 856 | 4 | _qpdf | |
| 856 | 4 | _qpdf | |
| 942 |
_cKNG _n0 _s1 |
||
| 944 |
_aCR _c2021-08-12 _kНР |
||